مكتبة جامعة عجلون الوطنية

فهرس بحث المكتبة

Normal view MARC view
  • القران الكريم -- تفسير

Entry Topical Term

Number of records used in: 1

001 - CONTROL NUMBER

  • control field: 26894

003 - CONTROL NUMBER IDENTIFIER

  • control field: JO-AjAnu

005 - DATE AND TIME OF LATEST TRANSACTION

  • control field: 20230606074557.0

008 - FIXED-LENGTH DATA ELEMENTS

  • fixed length control field: 230606|| aca||aabn | a|a d

040 ## - CATALOGING SOURCE

  • Original cataloging agency: JO-AjAnu
  • Transcribing agency: JO-AjAnu

150 ## - HEADING--TOPICAL TERM

  • Topical term or geographic name entry element: القران الكريم -- تفسير

670 ## - SOURCE DATA FOUND

  • Source citation: Work cat.: (JO-AjAnu)13814: مخلوف، حسنين محمد، م. مشارك ابي زكريا يحيى بن شرف الدين النووي الشافعي, author 26893, المصحف المفسر: تفسير وبيان كلمات القرآن الكريم: مذيلا به التبيان في آداب حملة القرآن